000 00494nam a2200169 4500
001 136742
003 ES-MaACL
005 20230906195220.0
007 t|
008 070214s1919 sp r ||||1| spa d
100 1 _aSainz Rodríguez, Pedro,
_d1898-1986
_9101608
245 1 4 _aLas polémicas sobre la cultura española /
_cPedro Sáinz Rodríguez.
260 _aMadrid :
_b[s. n.],
_c1919.
300 _a46 p. ;
_c20 x 13 cm.
852 _aES-MaACL
_j1704-F-1
999 _c136742
_d136742